000 00901nmc a2200313 a 4500
003 AR-BaBNM
005 20251128210731.0
008 096120s2000 ||||||||||||||000 | spa||
020 _a84-95212-34-X
040 _cAR-BaBNM
100 1 _aRíos Ariza, José Manuel
245 1 0 _aNuevas tecnologías de la información y de la comunicación aplicadas a la educación
260 _aMálaga
_bEdiciones Aljibe
_c2000
300 0 _a242 p.
_bil.
490 0 _aBiblioteca de educación
500 0 _aDonación Fainholc
650 4 _aTECNOLOGIA EDUCATIVA
650 4 _aRECURSOS DIDACTICOS
650 4 _aIMAGEN
650 4 _aMETODOS AUDIOVISUALES
653 0 _aMULTIMEDIA
653 0 _aNUEVAS TECNOLOGIAS
653 0 _aEDUCACION INICIAL
653 0 _aEDUCACION PRIMARIA
653 0 _aPROYECTOS DE AULA
700 1 _aCebrián de la Serna, Manuel
942 _cBK
998 _cme-solo cat
999 _c16658
_d16658